000 00499nmm a2200169Ia 4500
008 251105s9999||||xx |||||||||||||||||und||
020 _a9788437061757
041 _aspa
100 _aBombi, Andrea
245 0 _aMúsica y cultura urbana en la Edad Moderna
264 _a[Madrid, España] :
_bPublicaciones de la Universidad de Valencia (PUV),
_c2005
300 _a392 páginas
490 _aOberta
650 _aMusic
856 _uhttps://public.digitaliapublishing.com/a/35123
942 _cCF
999 _c82323
_d82323